Business Strategy supported by Innovation in IT Industries dizertačná práca

Salvato in:
Dettagli Bibliografici
Autore principale: Pister, Marco, 1974-
Ente Autore: Fakulta podnikového manažmentu EU. Katedra manažmentu
Altri autori: Slávik, Štefan, 1955-
Natura: Libro
Lingua:inglese
Pubblicazione: Bratislava 2021
Soggetti:
Tags: Aggiungi Tag
Nessun Tag, puoi essere il primo ad aggiungerne!!

MARC

LEADER 00000nbm a2200000 4500
001 0278195
005 20230302101758.8
041 0 |a eng 
044 |a SK 
245 1 0 |a Business Strategy supported by Innovation in IT Industries  |b dizertačná práca  |c Marco Pister ; školiteľ: Štefan Slávik 
264 1 |a Bratislava  |c 2021 
300 |a 209 s. 
610 2 0 |a stratégia podnikateľská 
610 2 0 |a inovácia 
610 2 0 |a manažment 
610 2 0 |a stratégia inovačná 
610 2 0 |a modely podnikateľské 
610 2 0 |a priemysel informačný 
100 1 |a Pister, Marco, 1974- 
700 1 |a Slávik, Štefan, 1955- 
710 2 |a Fakulta podnikového manažmentu EU. Katedra manažmentu